000 00418nam a2200157Ia 4500
008 160316s1988 xxu||||| |||| 00| 0 eng d
082 _a343.052000
_bMEH
100 _aMehta V G
245 _aIncome tax relating reckoner 1997-98
250 _a
260 _aMumbai
_bShri Kuber Publishing House
_c1988
300 _a336P
_b
_c
365 _b Rs.240
650 _a1.Tax Law - Income Tax - Ready Reckoner
700 _a
_a
999 _c7062
_d7062